000
00343nam a2200145Ia 4500
008
150201s2010 xx 000 0 und d
082
_a
617.96
_b
M10E
100
_a
ERIKSSON, LARS I.
245
_a
MILLER,S ANESTHESIA-2
250
_a
7TH
260
_b
CHURCHILL
_a
DELHI
_c
2010
300
_a
1-3073
650
_a
ANAESTHESIOLOGY
942
_2
ddc
_c
BK
999
_c
245
_d
245